000 00700nam a2200253Ia 4500
003 OSt
005 20221005131538.0
006 a|||||r|||| 00| 0
007 ta
008 221004b |||||||| |||| 00| 0 mal d
024 _a58087
037 _cTextual
040 _aCRL
_cCRL
_bmal
041 _2mal
_amal
082 _aO44,1(Delta25)w, 32K2.3-.4
100 _aPillai Neelakanta Au.
_9625987
245 0 _aSree mahabhaktha vijayum
260 _c1962
490 _vVol. 3, Vol. 4
650 _a MALAYALAM LITERATURE
_938866
650 _aINDIAN LITERATURE
942 _hO44,1(Delta25)w, 32K2.3-.4
_cTEXL
_2cc
999 _c1060665
_d1060665